[Event "Sachsen-ch U12"]
[Site "Sebnitz"]
[Date "2007.04.11"]
[Round "3"]
[White "Dang Van, Viet"]
[Black "Pinka, Maximilian"]
[Result "1-0"]
[WhiteElo "1054"]
[BlackElo "1098"]
[PlyCount "63"]
[EventDate "2007.04.10"]
[EventType "swiss"]
[EventRounds "7"]
[EventCountry "GER"]
[SourceTitle "EXT 2008"]
[Source "ChessBase"]
[SourceDate "2007.11.25"]
[SourceVersion "1"]
[SourceVersionDate "2007.11.25"]
[SourceQuality "1"]

1. e4 e5 2. Nf3 Nc6 3. d4 Qf6 4. Bg5 Qg6 5. dxe5 Qxe4+ 6. Qe2 Qxe2+ 7. Bxe2 Nb4 8. Nd4 Bc5 9. c3 Bxd4 10. Na3 Bxe5 11. f4 f6 12. fxe5 fxg5 13. cxb4 b6 14. Nb5 Kd8 15. 0-0 Ba6 16. Rf8+ Ke7 17. Rxa8 c6 18. Nc3 Bxe2 19. Nxe2 Kf7 20. Rd1 Ke7 21. Ng3 h5 22. Nf5+ Ke6 23. Nxg7+ Ke7 24. Re8+ Kf7 25. Rxd7+ Kg6 26. Rxa7 h4 27. h3 g4 28. e6 g3 29. e7 Kxg7 30. Rxg8+ Rxg8 31. e8Q+ Kh8 32. Qh5# 1-0